Joana banana (Record no. 194966)

MARC details
000 -LÍDER
campo de controle de tamanho fixo 00298 a2200145 4500
001 - NÚMERO DE CONTROLE
campo de controle 194966
040 ## - FONTE DA CATALOGAÇÃO
Instituição que transcreveu o registro Magnum
100 ## - ENTRADA PRINCIPAL--NOME PESSOAL
Nome pessoal Porto, Cristina
240 10 - TÍTULO UNIFORME
Título uniforme Joana banana
Idioma da obra por
245 10 - TÍTULO
Título Joana banana
300 ## - DESCRIÇÃO FÍSICA
Extensão 53
440 #1 - DECLARAÇÃO DE SÉRIE/ENTRADA ADICIONADA--TÍTULO
Título Ática
697 ## - ENTRADA DE ASSUNTO LOCAL--ENTIDADE COLETIVA (RLIN)
Nome corporativo ou nome da jurisdição LITERATURA INFANTO-JUVENIL
942 ## - ELEMENTOS DE ENTRADA ADICIONADOS (KOHA)
Tipo de material Koha Livros
Holdings
Situação do descarte Situação das perdas Situação física Não pode ser emprestado Biblioteca de origem Biblioteca atual Data de aquisição Total de empréstimos Número de chamada completo Código de barras Data de último acesso Data do preço efetivo Tipo de material Koha
        Magnum Magnum 08/06/2024   869.2.1793 MAG00075666 08/06/2024 08/06/2024 Livros